000 00295nam a2200109Ia 4500
008 230907s9999||||xx |||||||||||||| ||und||
082 _a333.7,GXU
100 _aXu, Jiuping
_9115088
245 0 _aInnovative approaches towards low carbon economics :
300 _axxvii, 436 pages :
942 _cBK
999 _c597552
_d597552